[Event "EYCC 2024 - G12"]
[Site "?"]
[Date "2024.08.25"]
[Round "4.9"]
[White "Alessi, Clio"]
[Black "Ejsymont, Blanka"]
[Result "0-1"]
[BlackElo "1861"]
[WhiteElo "1684"]
[LiveChessVersion "1.4.8"]

1. e4 {[%clk 1:30:57]} c5 {[%clk 1:30:50]} 2. Nf3 {[%clk 1:31:21]} d6
{[%clk 1:31:06]} 3. d4 {[%clk 1:31:41]} cxd4 {[%clk 1:31:30]} 4. Qxd4
{[%clk 1:31:58]} Nf6 {[%clk 1:31:48]} 5. Nc3 {[%clk 1:31:47]} Nc6
{[%clk 1:32:04]} 6. Bb5 {[%clk 1:31:51]} Bd7 {[%clk 1:32:19]} 7. Bxc6
{[%clk 1:32:04]} Bxc6 {[%clk 1:32:43]} 8. Bg5 {[%clk 1:32:13]} e6
{[%clk 1:33:04]} 9. O-O-O {[%clk 1:31:58]} Be7 {[%clk 1:33:01]} 10. Qd3
{[%clk 1:31:40]} Qa5 {[%clk 1:32:55]} 11. Bh4 {[%clk 1:30:01]} Rc8
{[%clk 1:15:28]} 12. Kb1 {[%clk 1:23:43]} b5 {[%clk 1:03:19]} 13. Nd4
{[%clk 1:11:07]} b4 {[%clk 0:56:58]} 14. Nxc6 {[%clk 1:03:43]} Rxc6
{[%clk 0:56:23]} 15. Bxf6 {[%clk 1:00:31]} Bxf6 {[%clk 0:48:38]} 16. Qb5
{[%clk 0:57:04]} Qxb5 {[%clk 0:40:37]} 17. Nxb5 {[%clk 0:57:13]} Ke7
{[%clk 0:38:44]} 18. Nd4 {[%clk 0:39:03]} Rc4 {[%clk 0:38:17]} 19. Nb5
{[%clk 0:37:20]} Rd8 {[%clk 0:27:10]} 20. f3 {[%clk 0:32:26]} a6 {[%clk 0:16:32]}
21. b3 {[%clk 0:30:50]} Rc5 {[%clk 0:16:05]} 22. Nd4 {[%clk 0:30:03]} Rdc8
{[%clk 0:14:39]} 23. Rhg1 {[%clk 0:26:05]} a5 {[%clk 0:12:09]} 24. h3
{[%clk 0:21:34]} Bxd4 {[%clk 0:09:53]} 25. Rxd4 {[%clk 0:21:55]} Rxc2
{[%clk 0:10:17]} 26. h4 {[%clk 0:19:26]} Rf2 {[%clk 0:09:16]} 27. Rgd1
{[%clk 0:11:40]} Rcc2 {[%clk 0:08:22]} 28. Rxd6 {[%clk 0:11:33]} Rb2+
{[%clk 0:08:08]} 29. Ka1 {[%clk 0:11:58]} Rxa2+ {[%clk 0:07:53]} 30. Kb1
{[%clk 0:12:24]} Kf6 {[%clk 0:07:15]} 31. R6d3 {[%clk 0:07:32]} Rxg2
{[%clk 0:06:55]} 32. f4 {[%clk 0:06:14]} Rab2+ {[%clk 0:05:37]} 33. Ka1
{[%clk 0:06:28]} Rbf2 {[%clk 0:05:16]} 34. f5 {[%clk 0:04:18]} Re2
{[%clk 0:04:30]} 35. fxe6 {[%clk 0:02:51]} fxe6 {[%clk 0:04:33]} 36. Rf1+
{[%clk 0:01:17]} Ke5 {[%clk 0:04:42]} 37. Rfd1 {[%clk 0:00:58]} Kxe4
{[%clk 0:04:45]} 38. Rd4+ {[%clk 0:00:57]} Kf5 {[%clk 0:04:27]} 39. R4d3
{[%clk 0:00:57]} e5 {[%clk 0:04:31]} 40. Rf3+ {[%clk 0:00:42]} Ke4
{[%clk 0:04:49]} 41. Rfd3 {[%clk 0:01:00]} Re3 {[%clk 0:03:56]} 42. Rd5
{[%clk 0:00:39]} Rxb3 {[%clk 0:03:18]} 43. Rxa5 {[%clk 0:00:54]} Ra3+
{[%clk 0:03:30]} 44. Rxa3 {[%clk 0:01:18]} bxa3 {[%clk 0:03:55]} 45. h5
{[%clk 0:01:41]} Kf4 {[%clk 0:01:55]} 46. Rf1+ {[%clk 0:01:32]} Kg5
{[%clk 0:01:22]} 47. Re1 {[%clk 0:01:56]} Kxh5 {[%clk 0:00:44]} 48. Rxe5+
{[%clk 0:02:22]} g5 {[%clk 0:01:01]} 49. Re1 {[%clk 0:02:47]} Kg4
{[%clk 0:01:05]} 50. Rf1 {[%clk 0:03:00]} h5 {[%clk 0:01:23]} 51. Rh1
{[%clk 0:03:18]} h4 {[%clk 0:01:44]} 52. Rf1 {[%clk 0:03:46]} Kg3
{[%clk 0:02:01]} 53. Rf8 {[%clk 0:04:03]} h3 {[%clk 0:02:20]} 54. Ra8
{[%clk 0:04:04]} h2 {[%clk 0:02:04]} 55. Rxa3+ {[%clk 0:03:45]} Kh4
{[%clk 0:02:26]} 56. Ra4+ {[%clk 0:03:48]} Rg4 {[%clk 0:02:41]} 0-1

[Event "EYCC 2024 - G12"]
[Site "?"]
[Date "2024.08.25"]
[Round "4.10"]
[White "Vancakova, Veronika"]
[Black "Janouskova, Eliska"]
[Result "1/2-1/2"]
[BlackElo "1672"]
[WhiteElo "1776"]
[LiveChessVersion "1.4.8"]

1. d4 {[%clk 1:30:57]} f5 {[%clk 1:30:07]} 2. c4 {[%clk 1:31:13]} e6
{[%clk 1:30:06]} 3. g3 {[%clk 1:31:27]} Nf6 {[%clk 1:30:05]} 4. Bg2
{[%clk 1:31:37]} Be7 {[%clk 1:24:42]} 5. Nh3 {[%clk 1:31:00]} O-O
{[%clk 1:22:44]} 6. O-O {[%clk 1:31:07]} d6 {[%clk 1:21:18]} 7. Qb3
{[%clk 1:28:16]} d5 {[%clk 1:14:59]} 8. Nd2 {[%clk 1:26:52]} c6 {[%clk 1:12:34]}
9. Nf3 {[%clk 1:26:45]} Ne4 {[%clk 1:10:22]} 10. Nf4 {[%clk 1:25:06]} Bd6
{[%clk 1:06:26]} 11. Nd3 {[%clk 1:25:10]} Qe7 {[%clk 1:05:29]} 12. Bf4
{[%clk 1:25:05]} Bxf4 {[%clk 1:04:47]} 13. gxf4 {[%clk 1:23:54]} b6
{[%clk 1:02:55]} 14. Rfc1 {[%clk 1:08:53]} Bb7 {[%clk 0:56:13]} 15. Rc2
{[%clk 1:01:12]} Na6 {[%clk 0:51:02]} 16. Rac1 {[%clk 0:55:32]} c5
{[%clk 0:42:18]} 17. a3 {[%clk 0:46:17]} Rac8 {[%clk 0:38:25]} 18. Qa4
{[%clk 0:44:58]} Rfd8 {[%clk 0:33:31]} 19. b4 {[%clk 0:35:17]} cxd4
{[%clk 0:29:36]} 20. Nxd4 {[%clk 0:34:34]} dxc4 {[%clk 0:23:57]} 21. Rxc4
{[%clk 0:32:11]} Rxc4 {[%clk 0:20:00]} 22. Rxc4 {[%clk 0:32:20]} Rd7
{[%clk 0:12:45]} 23. e3 {[%clk 0:21:30]} h6 24. Ne5 {[%clk 0:18:20]} Rd6
{[%clk 0:08:21]} 25. f3 {[%clk 0:01:43]} Nf6 {[%clk 0:07:54]} 26. Qc2
{[%clk 0:01:34]} Nd5 {[%clk 0:07:18]} 27. Qf2 {[%clk 0:01:21]} Qe8
{[%clk 0:06:07]} 28. Rc1 {[%clk 0:00:58]} Kh7 {[%clk 0:05:35]} 1/2-1/2

[Event "EYCC 2024 - G12"]
[Site "?"]
[Date "2024.08.25"]
[Round "4.11"]
[White "Tolmaceva, Alona"]
[Black "Xynidi, Areti"]
[Result "1-0"]
[BlackElo "1672"]
[WhiteElo "1766"]
[LiveChessVersion "1.4.8"]

1. e4 {[%clk 1:30:56]} e6 {[%clk 1:30:55]} 2. d4 {[%clk 1:31:14]} d5
{[%clk 1:31:19]} 3. Nc3 {[%clk 1:31:39]} Nf6 {[%clk 1:31:44]} 4. e5
{[%clk 1:31:59]} Nfd7 {[%clk 1:32:08]} 5. f4 {[%clk 1:32:21]} c5 {[%clk 1:32:34]}
6. Nf3 {[%clk 1:32:43]} Nc6 {[%clk 1:32:55]} 7. Be3 {[%clk 1:33:04]} cxd4
{[%clk 1:33:18]} 8. Nxd4 {[%clk 1:30:20]} Qb6 {[%clk 1:33:29]} 9. Qd2
{[%clk 1:26:20]} Qxb2 {[%clk 1:33:35]} 10. Rb1 {[%clk 1:26:22]} Qa3
{[%clk 1:33:40]} 11. Ndb5 {[%clk 1:05:08]} Qa5 {[%clk 1:32:02]} 12. Nxd5
{[%clk 0:58:00]} Qxd2+ {[%clk 1:29:19]} 13. Kxd2 {[%clk 0:53:52]} exd5
{[%clk 1:28:09]} 14. Nc7+ {[%clk 0:53:03]} Kd8 {[%clk 1:28:26]} 15. Nxa8
{[%clk 0:53:29]} Nc5 {[%clk 1:11:16]} 16. Bd3 {[%clk 0:35:25]} d4
{[%clk 0:56:39]} 17. Bf2 {[%clk 0:34:03]} g6 {[%clk 0:54:30]} 18. Bh4+
{[%clk 0:24:55]} Be7 {[%clk 0:53:40]} 19. Bxe7+ {[%clk 0:24:16]} Nxe7
{[%clk 0:54:02]} 20. Rb5 {[%clk 0:23:18]} b6 {[%clk 0:43:32]} 21. Nxb6
{[%clk 0:17:56]} axb6 {[%clk 0:43:57]} 22. Rxb6 {[%clk 0:18:18]} Kc7
{[%clk 0:41:05]} 23. Rb5 {[%clk 0:16:58]} Ne6 {[%clk 0:38:52]} 24. g3
{[%clk 0:16:54]} Rd8 {[%clk 0:35:15]} 25. Rhb1 {[%clk 0:16:36]} Nd5
{[%clk 0:34:53]} 26. Ra5 {[%clk 0:15:57]} Nb6 {[%clk 0:26:25]} 27. Ra7+
{[%clk 0:13:04]} Kc6 {[%clk 0:25:03]} 28. Be4+ {[%clk 0:13:11]} Kc5
{[%clk 0:25:18]} 29. Ra5+ {[%clk 0:13:26]} 1-0

[Event "EYCC 2024 - G12"]
[Site "?"]
[Date "2024.08.25"]
[Round "4.12"]
[White "Berezovskii, Arina"]
[Black "Owczarek, Hanna"]
[Result "0-1"]
[BlackElo "1742"]
[WhiteElo "1647"]
[LiveChessVersion "1.4.8"]

1. e4 {[%clk 1:30:59]} c6 {[%clk 1:30:55]} 2. d4 {[%clk 1:31:20]} d5
{[%clk 1:31:12]} 3. exd5 {[%clk 1:31:41]} cxd5 {[%clk 1:31:33]} 4. Bd3
{[%clk 1:32:07]} Nc6 {[%clk 1:31:37]} 5. c3 {[%clk 1:32:30]} Nf6 {[%clk 1:31:56]}
6. Bf4 {[%clk 1:32:39]} Bg4 {[%clk 1:32:05]} 7. Qb3 {[%clk 1:32:46]} Na5
{[%clk 1:32:07]} 8. Qa4+ {[%clk 1:29:04]} Bd7 {[%clk 1:32:08]} 9. Qc2
{[%clk 1:26:22]} Qb6 {[%clk 1:30:06]} 10. Nd2 {[%clk 1:23:58]} e6
{[%clk 1:27:10]} 11. Ngf3 {[%clk 1:22:59]} Bb5 {[%clk 1:24:45]} 12. Ne5
{[%clk 1:18:03]} Bxd3 {[%clk 1:14:01]} 13. Nxd3 {[%clk 1:17:59]} Be7
{[%clk 1:12:19]} 14. Qa4+ {[%clk 1:11:24]} Nc6 {[%clk 1:08:45]} 15. Ne5
{[%clk 1:02:21]} O-O {[%clk 1:06:27]} 16. Nxc6 {[%clk 1:01:03]} bxc6
{[%clk 1:05:47]} 17. Qb3 {[%clk 1:00:51]} Nd7 {[%clk 1:00:42]} 18. O-O
{[%clk 0:59:22]} c5 {[%clk 0:57:40]} 19. Be3 {[%clk 0:56:55]} Rfb8
{[%clk 0:52:41]} 20. Qa4 {[%clk 0:52:10]} Qb5 {[%clk 0:47:13]} 21. Qxb5
{[%clk 0:48:19]} Rxb5 {[%clk 0:47:33]} 22. b3 {[%clk 0:48:10]} Rb7
{[%clk 0:37:57]} 23. Rfe1 {[%clk 0:46:24]} Rc8 {[%clk 0:34:58]} 24. Rad1
{[%clk 0:36:36]} Bf6 {[%clk 0:31:29]} 25. Rc1 {[%clk 0:31:31]} Rbc7
{[%clk 0:28:24]} 26. dxc5 {[%clk 0:29:31]} Nxc5 {[%clk 0:27:59]} 27. Bxc5
{[%clk 0:28:18]} Rxc5 {[%clk 0:28:16]} 28. c4 {[%clk 0:28:02]} Bg5
{[%clk 0:23:57]} 29. Red1 {[%clk 0:24:21]} h6 {[%clk 0:18:19]} 30. Rc3
{[%clk 0:15:36]} Bxd2 {[%clk 0:14:42]} 31. Rxd2 {[%clk 0:15:58]} dxc4
{[%clk 0:14:03]} 32. Rdc2 {[%clk 0:15:00]} Rd8 {[%clk 0:13:37]} 33. Rc1
{[%clk 0:09:50]} Rcd5 {[%clk 0:13:37]} 34. g3 {[%clk 0:09:26]} cxb3
{[%clk 0:13:09]} 35. axb3 {[%clk 0:09:12]} Rd1+ {[%clk 0:11:48]} 36. Rxd1
{[%clk 0:08:30]} Rxd1+ {[%clk 0:12:13]} 37. Kg2 {[%clk 0:08:56]} Rd7
{[%clk 0:11:47]} 38. b4 {[%clk 0:08:40]} Kf8 {[%clk 0:11:06]} 39. Rc8+
{[%clk 0:05:21]} Ke7 {[%clk 0:11:28]} 40. g4 {[%clk 0:02:41]} Rd4
{[%clk 0:08:33]} 41. h3 {[%clk 0:02:35]} Rd7 {[%clk 0:08:33]} 42. Rg8
{[%clk 0:02:24]} Kf6 {[%clk 0:08:32]} 43. Rb8 {[%clk 0:02:20]} Ke5
{[%clk 0:07:36]} 44. Kg3 {[%clk 0:02:29]} Kd6 {[%clk 0:05:37]} 45. Rc8
{[%clk 0:01:30]} Rb7 {[%clk 0:05:00]} 46. Rg8 {[%clk 0:00:45]} g6
{[%clk 0:04:43]} 47. Rh8 {[%clk 0:00:59]} Rxb4 {[%clk 0:04:57]} 48. Rxh6
{[%clk 0:01:22]} Rb8 {[%clk 0:04:57]} 49. h4 {[%clk 0:00:41]} a5 {[%clk 0:04:21]}
50. h5 {[%clk 0:00:53]} gxh5 {[%clk 0:02:51]} 51. gxh5 {[%clk 0:00:45]} Ke7
{[%clk 0:02:25]} 52. Rh7 {[%clk 0:01:04]} a4 {[%clk 0:01:58]} 53. Rg7
{[%clk 0:01:30]} a3 {[%clk 0:02:17]} 54. Rg5 {[%clk 0:01:27]} Ra8
{[%clk 0:02:28]} 55. Rc5 {[%clk 0:01:29]} a2 {[%clk 0:02:45]} 56. Rc1
{[%clk 0:01:55]} a1=Q {[%clk 0:03:06]} 57. Rxa1 {[%clk 0:02:20]} Rxa1
{[%clk 0:03:27]} 58. Kg4 {[%clk 0:02:43]} Kf6 {[%clk 0:03:45]} 59. h6
{[%clk 0:03:11]} Rh1 {[%clk 0:04:03]} 0-1

[Event "EYCC 2024 - G12"]
[Site "?"]
[Date "2024.08.25"]
[Round "4.13"]
[White "Alfaro Aldunate, Amaya"]
[Black "Marusyn, Yana"]
[Result "1-0"]
[BlackElo "1648"]
[WhiteElo "1725"]
[LiveChessVersion "1.4.8"]

1. e4 {[%clk 1:30:57]} c5 {[%clk 1:30:56]} 2. Nf3 {[%clk 1:31:22]} e6
{[%clk 1:31:18]} 3. b3 {[%clk 1:31:46]} Nc6 {[%clk 1:29:15]} 4. Bb2
{[%clk 1:29:52]} Nf6 {[%clk 1:25:40]} 5. e5 {[%clk 1:28:54]} Nd5 {[%clk 1:25:52]}
6. g3 {[%clk 1:24:32]} g6 {[%clk 1:19:13]} 7. c4 {[%clk 1:24:00]} Nde7
{[%clk 1:17:14]} 8. Nc3 {[%clk 1:21:54]} Nf5 {[%clk 1:06:51]} 9. Bg2
{[%clk 1:16:41]} h5 {[%clk 0:59:46]} 10. h3 {[%clk 1:11:52]} Nb4 {[%clk 0:52:25]}
11. d3 {[%clk 1:03:15]} Bg7 {[%clk 0:44:15]} 12. a3 {[%clk 0:55:07]} Nc6
{[%clk 0:42:41]} 13. Ne4 {[%clk 0:50:42]} Qe7 {[%clk 0:39:13]} 14. Qd2
{[%clk 0:35:29]} a5 {[%clk 0:31:00]} 15. a4 {[%clk 0:31:34]} Nb4 {[%clk 0:24:44]}
16. Nfg5 {[%clk 0:27:48]} Nc6 {[%clk 0:19:41]} 17. f4 {[%clk 0:21:37]} Ncd4
{[%clk 0:14:30]} 18. Bxd4 {[%clk 0:21:12]} cxd4 {[%clk 0:14:35]} 19. g4
{[%clk 0:17:41]} hxg4 {[%clk 0:12:51]} 20. hxg4 {[%clk 0:18:10]} Rxh1+
{[%clk 0:12:52]} 21. Bxh1 {[%clk 0:18:38]} Ne3 {[%clk 0:12:52]} 22. Nd6+
{[%clk 0:18:20]} Kd8 {[%clk 0:10:28]} 23. Ndxf7+ {[%clk 0:17:42]} Kc7
{[%clk 0:10:23]} 24. Be4 {[%clk 0:16:10]} Qe8 {[%clk 0:06:46]} 25. Bxg6
{[%clk 0:15:22]} Bf8 {[%clk 0:06:45]} 26. Qf2 {[%clk 0:12:06]} Bb4+
{[%clk 0:06:53]} 27. Ke2 {[%clk 0:12:28]} Nxg4 {[%clk 0:06:22]} 28. Qxd4
{[%clk 0:11:56]} Be7 {[%clk 0:05:41]} 29. Bh5 {[%clk 0:11:47]} Nh6
{[%clk 0:05:08]} 30. Rh1 {[%clk 0:10:09]} Qg8 {[%clk 0:03:46]} 31. Nxh6
{[%clk 0:10:06]} Qg7 {[%clk 0:02:59]} 32. Nhf7 {[%clk 0:10:00]} b6
{[%clk 0:02:31]} 33. Bf3 {[%clk 0:09:23]} Bc5 {[%clk 0:01:23]} 34. Qe4
{[%clk 0:09:39]} Rb8 {[%clk 0:01:22]} 35. Rh7 {[%clk 0:10:05]} Qg8
{[%clk 0:01:18]} 36. Nd6 {[%clk 0:09:53]} Qf8 {[%clk 0:00:52]} 37. Nb5+
{[%clk 0:10:15]} Kd8 {[%clk 0:01:00]} 38. Nf7+ {[%clk 0:10:32]} Ke7
{[%clk 0:00:56]} 39. Qg6 {[%clk 0:09:54]} Ba6 {[%clk 0:00:40]} 40. Qf6+
{[%clk 0:10:17]} Ke8 {[%clk 0:00:57]} 41. Nc7# {[%clk 0:10:44]} 1-0

[Event "EYCC 2024 - G12"]
[Site "?"]
[Date "2024.08.25"]
[Round "4.14"]
[White "Biro, Csilla"]
[Black "Oksanen, Maria"]
[Result "0-1"]
[BlackElo "1711"]
[WhiteElo "1639"]
[LiveChessVersion "1.4.8"]

1. e4 {[%clk 1:30:57]} c5 {[%clk 1:30:53]} 2. Nf3 {[%clk 1:31:10]} d6
{[%clk 1:31:12]} 3. c3 {[%clk 1:31:28]} Nf6 {[%clk 1:31:24]} 4. h3
{[%clk 1:31:32]} Nc6 {[%clk 1:31:18]} 5. Bd3 {[%clk 1:31:38]} Be6
{[%clk 1:27:43]} 6. O-O {[%clk 1:29:11]} Qd7 {[%clk 1:24:02]} 7. Bc2
{[%clk 1:24:18]} c4 {[%clk 1:11:40]} 8. b3 {[%clk 1:20:54]} Rg8 {[%clk 0:59:48]}
9. bxc4 {[%clk 1:17:10]} g5 {[%clk 1:00:07]} 10. Nh2 {[%clk 1:02:24]} g4
{[%clk 0:44:30]} 11. g3 {[%clk 0:59:13]} gxh3 {[%clk 0:43:40]} 12. d4
{[%clk 0:58:02]} Bxc4 {[%clk 0:43:56]} 13. Re1 {[%clk 0:58:07]} O-O-O
{[%clk 0:41:42]} 14. Na3 {[%clk 0:49:12]} Ba6 {[%clk 0:41:04]} 15. Qf3
{[%clk 0:46:51]} Bg7 {[%clk 0:35:55]} 16. e5 {[%clk 0:42:58]} dxe5
{[%clk 0:35:44]} 17. dxe5 {[%clk 0:43:04]} Nd5 {[%clk 0:35:37]} 18. Qxf7
{[%clk 0:39:32]} Rdf8 {[%clk 0:33:16]} 19. Qh5 {[%clk 0:38:27]} Qe6
{[%clk 0:26:14]} 20. Bd1 {[%clk 0:23:36]} Nf6 {[%clk 0:21:45]} 21. Bb3
{[%clk 0:16:31]} Nd5 {[%clk 0:18:12]} 22. Rd1 {[%clk 0:10:05]} Rd8
{[%clk 0:14:17]} 23. Qf3 {[%clk 0:05:28]} Qxe5 {[%clk 0:14:17]} 24. Bxd5
{[%clk 0:04:14]} Be2 {[%clk 0:14:37]} 25. Re1 {[%clk 0:03:11]} Bxf3
{[%clk 0:14:53]} 26. Rxe5 {[%clk 0:03:35]} Bxd5 {[%clk 0:15:12]} 27. Re3
{[%clk 0:03:17]} Bg2 {[%clk 0:14:21]} 28. Bb2 {[%clk 0:03:26]} Rd2
{[%clk 0:14:22]} 29. Nc4 {[%clk 0:02:28]} Rc2 {[%clk 0:14:21]} 30. Rc1
{[%clk 0:02:12]} Rxc1+ {[%clk 0:14:20]} 31. Bxc1 {[%clk 0:02:40]} Rd8
{[%clk 0:14:13]} 32. Nd2 {[%clk 0:02:21]} Bh6 {[%clk 0:13:53]} 33. Re2
{[%clk 0:02:29]} Rd3 {[%clk 0:13:28]} 34. Ng4 {[%clk 0:01:00]} Rxc3
{[%clk 0:12:22]} 35. Re1 {[%clk 0:01:14]} Bxd2 {[%clk 0:11:23]} 36. Bxd2
{[%clk 0:01:37]} Rc2 {[%clk 0:11:45]} 37. Bg5 {[%clk 0:01:31]} Nd4
{[%clk 0:11:00]} 38. Ne3 {[%clk 0:01:02]} Nf3# 0-1

[Event "EYCC 2024 - G12"]
[Site "?"]
[Date "2024.08.25"]
[Round "4.15"]
[White "Turcanu, Otilia"]
[Black "Heidtkamp, Anna"]
[Result "1-0"]
[BlackElo "1628"]
[WhiteElo "1710"]
[LiveChessVersion "1.4.8"]

1. e4 {[%clk 1:30:57]} e5 {[%clk 1:30:56]} 2. Nf3 {[%clk 1:31:22]} Nc6
{[%clk 1:31:21]} 3. Bb5 {[%clk 1:31:46]} f5 {[%clk 1:31:46]} 4. d3
{[%clk 1:28:55]} fxe4 {[%clk 1:32:12]} 5. dxe4 {[%clk 1:29:05]} d6
{[%clk 1:32:14]} 6. Nc3 {[%clk 1:28:04]} Be7 {[%clk 1:32:07]} 7. Be3
{[%clk 1:25:38]} Bg4 {[%clk 1:29:14]} 8. h3 {[%clk 1:25:56]} Be6 {[%clk 1:28:38]}
9. Qd2 {[%clk 1:23:27]} Qd7 {[%clk 1:26:19]} 10. O-O-O {[%clk 1:17:46]} a6
{[%clk 1:21:45]} 11. Be2 {[%clk 1:15:12]} h6 {[%clk 1:18:50]} 12. a3
{[%clk 1:10:25]} O-O-O {[%clk 1:18:02]} 13. b4 {[%clk 0:49:26]} b5
{[%clk 0:55:01]} 14. Nd5 {[%clk 0:47:00]} Bxd5 {[%clk 0:48:38]} 15. exd5
{[%clk 0:40:08]} Nb8 {[%clk 0:46:52]} 16. Nxe5 {[%clk 0:39:44]} Qe8
{[%clk 0:38:21]} 17. Bg4+ {[%clk 0:39:40]} Kb7 {[%clk 0:37:47]} 18. Qd4
{[%clk 0:38:26]} c5 {[%clk 0:27:39]} 19. dxc6+ {[%clk 0:38:45]} Nxc6
{[%clk 0:25:42]} 20. Qb6+ 1-0

[Event "EYCC 2024 - G12"]
[Site "?"]
[Date "2024.08.25"]
[Round "4.16"]
[White "Savchenko, Iryna"]
[Black "Pribylla, Amelia"]
[Result "1/2-1/2"]
[BlackElo "1701"]
[WhiteElo "1453"]
[LiveChessVersion "1.4.8"]

1. Nf3 d5 2. g3 Nf6 3. Bg2 Bf5 4. O-O Nbd7 5. d3 e5 6. Nbd2 Bc5 7. Nb3 Bb6 8. Qe1
O-O 9. Nh4 Bg6 10. e4 dxe4 11. dxe4 Qe7 12. Kh1 Nc5 13. Nxc5 Qxc5 14. c3 Ng4 15.
Kg1 Qc4 16. b3 Qd3 17. Ba3 Rfd8 18. Nxg6 hxg6 19. c4 Bd4 20. Rc1 c5 21. Kh1 Rd6
22. h3 Nf6 23. Rd1 1/2-1/2